Entry Término temático
001 - NÚMERO DE CONTROL
- campo de control: 9512
003 - IDENTIFICADOR DEL NÚMERO DE CONTROL
- campo de control: BNPHU
005 - FECHA Y HORA DE LA ÚLTIMA TRANSACCIÓN
- campo de control: 20250710122910.0
008 - DATOS DE LONGITUD FIJA
- campo de control de longitud fija: 200615|| aca||aabn | a|a d
010 ## - NÚMERO DE CONTROL DE LA BIBLIOTECA DEL CONGRESO
- Número de control de LC: sh 85075139
040 ## - FUENTE DE LA CATALOGACIÓN
- Centro catalogador/agencia de origen: OSt
- Centro/agencia transcriptor: OSt
150 ## - ENCABEZAMIENTO--TÉRMINO DE MATERIA
- Término de materia o nombre geográfico como elemento de entrada: Derecho y ética
450 ## - TRAZADO DE VÉASE--TÉRMINO DE MATERIA
- Término de materia o nombre geográfico como elemento de entrada: Derecho, Teoría del
550 ## - TRAZADO VÉASE ADEMÁS--TÉRMINO DE MATERIA
- Término de materia o nombre geográfico como elemento de entrada: Jurisprudencia
670 ## - FUENTE DE DATOS ENCONTRADOS
- Cita de la fuente: Work cat.: (OSt)2827: Mejía Ricart, Tirso 1569, Psicología para abogados /, 2000.
680 ## - NOTA GENERAL PÚBLICA
- Encabezamiento o término de subdivisión: Derecho (Filosofía)..
- Texto explicativo: Aquí se asientan las obras sobre la filosofía del sistema legal humano. Las obras sobre el concepto de una orden, relación, o secuencia de fenómenos que es invariable según condiciones específicas se asientan bajo
681 ## - NOTA DE EJEMPLO DE TRAZADO DE MATERIA
- Encabezamiento de materia o término de subdivisión: Filosofía de la historia, [Derecho, medicina, etc.]
- Texto explicativo: Ejemplo bajo la referencia de
750 ## - ENTRADA DE ENLACE DE ENCABEZAMIENTO ESTABLECIDO--TÉRMINO DE MATERIA
- Número de control del registro de autoridad o número normalizado: sh 85075139
- Término de materia o nombre geográfico como elemento de entrada: Law
- Subdivisión general: Philosophy
